| 000 | 00613nam a2200169 4500 | ||
|---|---|---|---|
| 999 |
_c512910 _d512910 |
||
| 008 | 191227b ||||| |||| 00| 0 eng d | ||
| 100 |
_aSingh, Krishna _914967 |
||
| 245 | _aFemale participation in NREGA programme: a comparative study of two backward districts in West Bengal, India | ||
| 260 | _bIndian Journal of Labour Economics | ||
| 300 | _a62(3), Jul-Sep, 209: p.499-515. | ||
| 650 |
_aEmployment - India _914968 |
||
| 650 |
_aNREGA _914969 |
||
| 700 |
_aDatta, Soumyendra Kishore _914970 |
||
| 773 | _aIndian Journal of Labour Economics | ||
| 906 | _aWomen - India - West Bengal | ||
| 942 |
_2ddc _cAR |
||